01779cam a22003015i 4500999001700000001001000017003000900027005001700036008004100053020002500094040004500119082001900164100004100183245002700224250001900251264004500270300002300315336002600338337002800364338002700392520076900419650003601188650004401224651001001268653002301278942001201301952016401313 c21896d21868015964248EG-ScBUE20210203103150.0110916s2012 enk g 000 f eng d a9780670921157 (pbk.) aStDuBDSbengerdacStDuBDSdUkdEG-ScBUE04a813.6bSHA2221 aShafak, Elif,d1971-eauthor.94018810aHonour /cElif Shafak. aFirst edition. 1aLondon :bViking / Penguin Books,c2012. a342 pages ;c24 cm atextbtxt2rdacontent aunmediatedbn2rdamedia avolumebnc2rdacarrier a'My mother died twice. I promised myself I would not let her story be forgotten'. And so begins the story of Esma a young Kurdish woman in London trying to come to terms with the terrible murder her brother has committed. Esma tells the story of her family stretching back three generations; back to her grandmother and the births of her mother and Aunt in a village on the edge of the Euphrates. Named Pembe and Jamila, meaning Pink and Beautiful rather than the names their mother wanted to call them, Destiny and Enough, the twin girls have very different futures ahead of them all of which will end in tragedy on a street in East London in 1978. A powerful, brilliant and moving account of murder, love and family set in a Kurdish village, Istanbul and London. 7aWomen, KurdishvFiction.2BUEsh 7aKurdszEnglandzLondonvFiction.2BUEsh 2BUEsh bHHUUEENNcJune2016 2ddccBB 00102ddc40708ILBaMAINbMAINc2NDd2016-06-16ePurchaseg128.00h8263l7m17o813.6 SHAp000032682r2025-07-15 00:00:00s2024-03-04v160.00w2016-06-16yBB